000 00757nam a2200169 a 4500
008 060830s2006 ||||||||||||||||| || u
050 _aUNO(02)
110 _aUnited Nations Economic and Social Affairs (UNESA)
245 1 0 _aGuidelines on meetings planning and coordination
_cby United Nations
260 _aGeneva:
_bUnited Nations Organization
_c2006
300 _a79p.: ill.
350 _a0.00
500 _aConference services division.central planning and coordination service.meetings coordination and servicing section.
650 _aMEETINGS
650 _aCENTRAL PLANNING -- CONGRESSES
995 _D0.00
_FCBU-MAIN LIBRARY (Kitwe)
_H1
_I0.00
_M1
_UAVAILABLE
_WAug 30, 2006
_ZInternational Publications
999 _c45180
_d45180